000 00576nam a22002057a 4500
003 OSt
005 20160815185055.0
008 160815b xxu||||| |||| 00| 0 eng d
020 _a0727910469
040 _c040a
082 _aWB 50
_bL51a 1996
100 _aLee, Nicholas
_910674
245 _aABC of medical computing /
_cNicholas Lee, Andrew Millman
260 _aLondon
_bBMJ publishing group
_c1996
300 _aviii, 93p;
_bcol.ill :
_c30 cm
504 _aIncludes index
650 _aMedical computing
_910675
700 _aMillman, Andrew
_910676
942 _2z
_cO_SHELF
999 _c4988
_d4988